000 00735nam a2200241 a 4500
001 47141
003 BD-RjUL
005 20211209054250.0
008 160807s1971 fr bs 000 0 eng
035 _a(BD-RjUL)47260
040 _aDLC
_cDLC
_dDLC
_dBD-RjUL
_beng
041 _aeng
082 _223
_a370.952
_bJAP 1971
110 2 _aOrganisation for Economic Co-operation and Development.
_9143550
245 0 0 _aJapan /
246 3 _aReviews of national policies for education : Japan
260 _aParis :
_cOECD,
_b1971.
300 _a162 p. :
_c24 cm.
504 _aIncludes bibliographical references
650 0 _aEducation
_zJapan.
_9143549
942 _2ddc
_cBK
999 _c47141
_d47141